000 00797nam a2200253Ia 4500
003 OSt
005 20220923212307.0
006 a|||||r|||| 00| 0
007 ta
008 220922b |||||||| |||| 00| 0 hin d
024 _a152,066
037 _cTextual
040 _aARTS
_cARTS
_bhin
041 _2hin
_ahin
082 _aO111,2M56,1, 152N8
100 _aशॉ, बर्नार्ड
_9162361
245 0 _aसन्त जोन
246 _aSanta jona
260 _aदिल्ली
_b भारत ज्योति प्रकाशन
_c1998
300 _a188 पृ.
_ccm.
650 _aअंग्रेजी साहित्य
_9156276
942 _hO111,2M56,1, 152N8
_cTEXL
_2CC
999 _c307738
_d307738